Wyżyny - Statystyki

Ogólne statystyki
  • Ten quiz został rozwiązany 14 razy
  • Średni wynik to 8 z 19
Statystyki odpowiedzi
Hint Odpowiedź % Poprawnych
Znany kanał na Wyżynie Krakowsko-Częstochowskiej Gliwicki
100%
Przykłady ostańców skalnych Wyżyny Krakowsko-Częstochowskiej Igła Deotymy | Maczuga Herkulesa
100%
Najsłynniejsza dolina Wyżyny Krakowsko-Częstochowskiej Dolina Prądnika
75%
Kiedy powstał węgiel kamienny w kopalni Bogdanka karbon
75%
Przez co chroniona jest Pustynia Błędowska Natura 2000
75%
W Dolinie Prądnika znajduje się ten park narodowy. Ojcowski Park Narodowy
75%
Nazwa na skałę niezawierającą węgla skała płonna
50%
W tej krainie znajduje się Pustynia Błędowska Wyżyna Śląska
50%
Powierzchnia Pustyni Błędowskiej w km2 32
25%
Tyle jest jaskiń w Niecce Nidziańskiej 77
25%
Co łączy Kanał Gliwicki Gliwice i Kędzierzyn-Koźle
25%
Najwyższe wzniesienie Wyżyny Śląskiej - nazwa Góra św. Anny
25%
Najwyższe wzniesienie Wyżyny Krakowsko-Częstochowskiej - nazwa Góra Zamkowa
25%
Jakie utwory budują Nieckę Nidziańską i Roztocze jurajskie
25%
Nazwa wąwozu lessowego obok Kazimierza Dolnego Korzeniowy Dół
25%
Co jest nietypowego w Niecce Nidziańskiej kras gipsowy
25%
Tyle jaskiń znajduje się na Wyżynie Krakowsko-Częstochowskiej. 150
0%
Najwyższe wzniesienie Wyżyny Śląskiej - wysokość 408 m
0%
Najdłuższa jaskinia Wyżyny Krakowsko-Częstochowskiej Wierna
0%
Nie znaleziono quizów pasujących do podanych kryteriów
Rozkład punktacji
Procent ludzi z każdym wynikiem
Percentyl według liczby udzielonych odpowiedzi
Twoja historia wyników
Nie rozwiązałeś tego quizu